O mundo imaginário das crianças (Registo nº 11862)

Detalhes MARC
000 -Etiqueta do registo
Valores 00442nam a22001451i 4500
090 ## -
-- 11862
010 ## - Número ISBN
ISBN 9789724218731
100 ## - Dados gerais de processamento
Dados gerais 20170304u u u0frey50 ba
101 0# - Língua de publicação
-- por
200 1# - Titulo e menção de responsabilidade
Primeira menção de responsabilidade Tilde Giani Gallino
Título próprio O mundo imaginário das crianças
215 ## - Descrição física 
Paginação / Volumes 245, [5] p.
Dimensões 24 cm
700 #1 - Autor principal (pessoa individual)
Apelido Gallino
Nome Tilde Giani
-- 070
996 ## - ISO2709
-- 0013224
-- GAL
-- 00000000
-- 00000000
-- BMVAAL
-- 3
-- Alcáçovas
-- Psicologia
-- 25
-- Livro
-- 0
-- 1
990 ## - Elementos KOHA
Tipo de documento Livro
Exemplares
Situação do levantamento Estado Biblioteca de origem Biblioteca de empréstimo Código de barras Cota Permissão de empréstimo Tipo de documento
  Completo Biblioteca Municipal de Viana Do Alentejo Biblioteca Municipal de Viana Do Alentejo Pólo Alcáçovas 0017021 159.9 GAL Disponível Livro




Powered by Koha